000 00916nam a2200277 a 4500
001 BRCA_4541
005 20190320204717.0
008 220910s1939----mx-a######---#000-0#spa-#
041 _aspa
044 _amx
050 4 _aND813
_b.E52 1939
100 1 _aEncina, Juan de la
_d1890-1963
_97787
245 1 0 _aEl mundo histórico y poético de Goya
_cJuan de la Encina.
260 _aMéxico
_bLa Casa de España en México
_c1939
300 _a227 p.
_bil., 14 láminas
_c22 cm.
500 _aIncluye fe de erratas
500 _aConferencias ´La casa de España en México, 1939´
500 _aTítulo de cubierta: Goya su mundo histórico y poético
500 _aD13
600 1 4 _aGoya y Lucientes, Francisco José de
_d1746-1820
_911504
650 1 4 _aPintores españoles
_97620
650 1 4 _aGrabadores españoles
_97740
710 2 _aFondo de Cultura Económica
_99061
902 _aGFM
942 _2lcc
_cB
999 _c4247
_d4247